Word Ladder: Quebec City Quiz Stats

 Plays Quiz Updated Dec 21, 2017

Challenge
Share
Tweet
Embed
Score 0/17 Timer 03:00
0 Plays Today
Clue 5-Letter Word % Correct
Olympic awardMEDAL
96.5%
Type of code with dots and dashesMORSE
95.9%
Lead or gold, e.g.METAL
95.6%
Pointing device for a computerMOUSE
93.7%
Infantile positionFETAL
88.5%
Relating to an animal's wasteFECAL
82.9%
In the nearby areaLOCAL
75.1%
At the centerFOCAL
74.4%
True to the causeLOYAL
66.9%
Clue 5-Letter Word % Correct
With first rung - English version of French name of Quebec city
OR of high class
⚜ ROYAL ⚜
62.6%
Relating to the most common value in a listMODAL
61.3%
VirtuousMORAL
52.8%
A heap or pileMOUND
50.3%
Units of syllabic lengthMORAE
49.6%
Grow bad things on food, in the UKMOULD
44.6%
An edible musselMOULE
44.3%
With last rung - English version of French name of Quebec city
OR an animal for traveling purposes
⚜ MOUNT ⚜
43.8%

Today's Daily Dose

Missing Word
Witch Songs

Word Ladder
Alabama

Quick Pick
Fanta Flavors

On This Day
October 15th II

You're not logged in!

Compare scores with friends on all Sporcle quizzes.
Join for Free
OR
Log In

You Might Also Like...

Show Comments

Extras

Top Quizzes Today


Score Distribution

Your Account Isn't Verified!

In order to create a playlist on Sporcle, you need to verify the email address you used during registration. Go to your Sporcle Settings to finish the process.

Report this User

Report this user for behavior that violates our Community Guidelines.

Details: